Normal view MARC view
  • chaudhary, mr. tarun & kumar, dr. jitendra and singh, mr. shivendra

Entry Personal Name

Number of records used in: 1

001 - CONTROL NUMBER

  • control field: 8802

003 - CONTROL NUMBER IDENTIFIER

  • control field: JRU

005 - DATE AND TIME OF LATEST TRANSACTION

  • control field: 20251125070727.0

008 - FIXED-LENGTH DATA ELEMENTS

  • fixed length control field: 251125|| aca||aabn | a|a d

040 ## - CATALOGING SOURCE

  • Original cataloging agency: JRU
  • Transcribing agency: JRU

100 ## - HEADING--PERSONAL NAME

  • Personal name: chaudhary, mr. tarun & kumar, dr. jitendra and singh, mr. shivendra

670 ## - SOURCE DATA FOUND

  • Source citation: Work cat.: (JRU)8979: chaudhary, mr. tarun & kumar, dr. jitendra and singh, mr. shivendra , PHARMACEUTICS - I : [Theory and practicals ] for b. pharm 1st semester students, 2024